Peces del departamento de Santander-Colombia / (Registro nro. 8736)

Detalles MARC
000 -CABECERA
Campo de control 01011nam a22002417a 4500
005 - FECHA Y HORA DE LA ULTIMA TRANSACCION
Campo de control 20140925163428.0
008 - ELEMENTOS DE LONGITUD FIJA—INFORMACION GENERAL
Campo de control 140925b xxu||||| |||| 00| 0 spa d
041 ## - IDIOMA
Código de idioma para texto/pista de sonido o título separado Español
044 ## - PAÍS DE PUBLICACIÓN
País de publicación Colombia
082 04 - NUMERO DE CLASIFICACION DECIMAL DEWEY
Número de clasificación 333.956
Número del ítem A67p
100 1# - ASIENTO PRINCIPAL--NOMBRE PERSONAL
Nombre personal Ardila-Rodriguez, Carlos A.
245 10 - MENCION DE TITULO
Título Peces del departamento de Santander-Colombia /
Mención de responsabilidad Carlos A. Ardila Rodriguez
260 ## - PUBLICACION, DISTRIBUCION, ETC. (PIE DE IMPRENTA)
Lugar de publicación, distribución, etc. Floridablanca, Colombia
Nombre del editor, distribuidor, etc. Carlos A. Ardila Rodriguez
Fecha de publicación, distribución, etc. 2013
300 ## - DESCRIPCION FISICA
Extensión 21 p.
Otros detalles físicos il. (col)
Dimensiones 28 cm.
504 ## - NOTA DE BIBLIOGRAFIA, ETC.
Nota de bibliografía Incluye referencias Bibliográficas (pag. 7-9)
520 ## - NOTA DE RESUMEN, ETC.
Nota de resumen Se describe una nueva especie de Choque, Chaetostoma Floridablancaensis sp. nov de la quebrada Aranzoque, del municipio de Floridablanca, en el departamento de Santander,oriente de Colombia.
650 ## - ASIENTO SECUNDARIO DE MATERIA - TERMINO TEMATICO
Término temático o nombre geográfico como elemento de entrada Peces
Subdivisión general Distribución geográfica
Subdivisión geográfica Colombia
650 ## - ASIENTO SECUNDARIO DE MATERIA - TERMINO TEMATICO
Término temático o nombre geográfico como elemento de entrada Peces
Subdivisión geográfica Santander (Colombia)
650 ## - ASIENTO SECUNDARIO DE MATERIA - TERMINO TEMATICO
Término temático o nombre geográfico como elemento de entrada Peces neotropicales
650 ## - ASIENTO SECUNDARIO DE MATERIA - TERMINO TEMATICO
Término temático o nombre geográfico como elemento de entrada Loricariidae
Subdivisión general Taxonomia
650 ## - ASIENTO SECUNDARIO DE MATERIA - TERMINO TEMATICO
Término temático o nombre geográfico como elemento de entrada Loricariidae
Subdivisión general Morfologia
942 ## - ELEMENTOS ADICIONALES (KOHA)
Sistema de clasificación Dewey Decimal Classification
Tipo de ítem Libro
Existencias
Withdrawn status Lost status Sistema de Clasificación Damaged status No para préstamo Colección Inventariado Ubicación Permanente Ubicación actual Fecha de adquisición Fuente de Valor Valor Total Checkouts Número topográfico Inventario / Código de Barras Date last seen Price effective from Forma de adquisición Tipo de material
    Dewey Decimal Classification     General Inventariado 2017 Bogotá Bogotá 25/09/2014 Instituto 39000.00   LB-333.956 A67p 038387 25/09/2014 25/09/2014   Libro